00275nam a2200109Ia 4500008004100000082001300041100002500054245001800079260004200097300000800139650001800147191201s2004 xx 000 0 und d a100bAGS aAGNIHOTRI, Ramsankar 0aSatyam Ekamev aN. DelhibSat Sahitya Prakashanc2004 a111 aGeneral Books